| 000 | 00785nam a2200229Ia 4500 | ||
|---|---|---|---|
| 001 | 7438 | ||
| 003 | GE_BSU | ||
| 008 | 181216s||||||||xx |||||||||||||| ||und|| | ||
| 040 | _cGE_BSU | ||
| 080 | _a621.395 | ||
| 100 | _aДубровский,Е.Л. | ||
| 245 | _aКанализационно-кабельные сооружения городских телефонных сетей. | ||
| 245 | _bУчебн. | ||
| 245 | _cРед. М.И.Сорокина. | ||
| 250 | _aИзд 3-ое, перераб.и доп. | ||
| 260 | _aМ. | ||
| 260 | _bВысш. школа. | ||
| 260 | _c1976. | ||
| 300 | _a247стр.с илл.22см. | ||
| 653 | _aКанализационно-кабельные сооружения городских телефонных сетей. | ||
| 942 | _cBK | ||
| 999 |
_c40798 _d40798 |
||